České obce, které začínají na písmeno G - Statistics

General Stats
  • This quiz has been taken 55 times
  • The average score is 3 of 6
Answer Stats
Počet obyvatel Okres Answer % Correct
2 821 Havlíčkův Brod Golčův Jeníkov
89%
1 548 Olomouc Grygov
62%
215 Znojmo Grešlové Mýto
35%
254 Svitavy Gruna
30%
162 Přerov Grymov
30%
98 Kolín Grunta
24%
No matching quizzes found
Score Distribution
Percent of People with Each Score
Percentile by Number Answered
Your Score History
You have not taken this quiz